000 00299nam a2200109Ia 4500
008 220120s9999||||xx |||||||||||||| ||und||
100 _aRoth, Charles, H
245 0 _aDigital systems design using VHDL
260 _aThomsan brooks cole
_bPune
_c2005
300 _b495
650 _aOPTICAL COMMUNICATION
999 _c132137
_d132137